UBT Library

Understanding organizational behavior : (Record no. 43752)

000 -LEADER
fixed length control field 00584nam a2200205 a 4500
001 - CONTROL NUMBER
control field 1444599
005 - DATE AND TIME OF LATEST TRANSACTION
control field 20180301033738.0
008 - FIXED-LENGTH DATA ELEMENTS--GENERAL INFORMATION
fixed length control field 850508s1986 ohua b 001 0 eng
010 ## - LIBRARY OF CONGRESS CONTROL NUMBER
LC control number 85061494
020 ## - INTERNATIONAL STANDARD BOOK NUMBER
International Standard Book Number 0675201985
040 ## - CATALOGING SOURCE
Original cataloging agency DLC
Transcribing agency DLC
Modifying agency DLC
041 ## - LANGUAGE CODE
Language code of text/sound track or separate title eng
080 ## - UNIVERSAL DECIMAL CLASSIFICATION NUMBER
Universal Decimal Classification number 658.3 CAL
082 00 - DEWEY DECIMAL CLASSIFICATION NUMBER
Classification number 658.3 CAL
Edition number 19
100 1# - Rafti
Rafti 52
101 ## - Shkurtesa
Shkurtesa BNJ
245 10 - TITLE STATEMENT
Title Understanding organizational behavior :
Statement of responsibility, etc Robert E. Callahan, C. Patrick Fleenor, Harry R. Knudson.
906 ## - LOCAL DATA ELEMENT F, LDF (RLIN)
a 7
b cbc
c orignew
d 2
e opcn
f 19
g y-gencatlg
942 ## - ADDED ENTRY ELEMENTS (KOHA)
Source of classification or shelving scheme
Item type Books
Holdings
Withdrawn status Lost status Source of classification or shelving scheme Damaged status Not for loan Collection code Permanent location Current location Shelving location Date acquired Total Checkouts Full call number Barcode Date last seen Price effective from Koha item type
          Koleksioni i përgjithshem UBT - Lipjan UBT - Lipjan Koleksioni i përgjithshem 03/01/2018   658.3 CAL 002-3000351 03/01/2018 03/01/2018 Books
UBT Library © 2015-2024. All rights reserved University Education for Business and Technology